000 00280nam a2200133Ia 4500
100 _aDauilevsky/V
942 _cBK
654 _aEngineering
245 _aManufacturing Engineering
260 _bMir Publishers
_aMoscow
082 _a621.9
300 _a550
546 _aENGLISH
999 _c20444
_d20444